[Event "8th RTU Open 2018"]
[Site "Riga"]
[Date "2018.08.06"]
[Round "1"]
[White "Annaberdiev, Meilis"]
[Black "Linsenmeyer, Mario"]
[Result "1-0"]
[WhiteElo "2509"]
[BlackElo "2180"]
[Annotator "TA"]
[PlyCount "119"]
[EventDate "2018.08.06"]
[EventType "swiss"]
[EventCountry "LAT"]
[SourceTitle "playchess.com"]
[Source "ChessBase"]
[SourceQuality "1"]

{[%evp 13,119,-13,-10,-31,-31,-37,0,-6,9,8,22,12,27,12,23,27,28,28,37,5,7,6,0,4,0,9,6,-1,14,8,7,11,13,0,15,10,15,0,12,21,13,8,12,8,24,24,24,14,24,24,24,24,24,24,91,24,46,50,79,64,76,93,95,74,73,92,95,58,98,50,102,101,120,68,72,74,151,118,186,179,276,264,296,311,304,296,284,232,211,193,203,203,344,322,341,341,580,580,580,501,29962,29964,29958,12187,29965,6215,5114,0]} 1. d4 Nf6 2. Bf4 g6 3. Nc3 d5 4. e3 Bg7 5. Nb5 (5. h4 h5 6. Nf3 Bg4 7. Be2 Bxf3 8. Bxf3 c6 9. Qd2 Nbd7 10. O-O-O b5 11. Kb1 {½-½ (34) Aronian,L (2797)-Vachier Lagrave,M (2793) Caleta 2018}) 5... Na6 6. Nf3 {A45: Trompowsky Attack} O-O 7. h3 Ne4 {LiveBook: 4 Games} 8. c3 {The position is equal.} c6 $146 ({Predecessor:} 8... c5 9. a4 c4 10. b3 cxb3 11. Qxb3 Bf5 12. Be2 Qa5 13. O-O {1-0 (22) Hasangatin,R (2496)-Savitskiy,S (2412) Sochi 2017}) 9. Na3 {[%cal Bb5a3,Ba3b1,Bb1d2][%mdl 32]} Qb6 10. Qb3 Be6 11. Be2 Rac8 12. O-O Rfd8 13. Rfd1 Nc7 14. Nb1 Ne8 15. Nbd2 N8d6 16. Ng5 Nxg5 17. Bxg5 f6 18. Bf4 Bf7 19. Bh2 c5 20. Bf3 cxd4 21. exd4 Qc6 22. Re1 Re8 23. Bg4 {Bxd6 is the strong threat.} Rcd8 24. Be6 Bh6 25. Rad1 Bxe6 26. Rxe6 Kf7 27. Ree1 e6 28. Bxd6 (28. Qc2 {feels hotter.} Kg8 29. Re2 Nf5 30. Nf3 Qd7 31. Rde1) 28... Bxd2 29. Rxd2 {[#] aiming for Bg3.} Rxd6 30. Rde2 b5 31. Qd1 a5 32. Qd2 Kg7 33. h4 Qc4 (33... h5 $11) 34. a3 ({White should try} 34. h5 $16) 34... Qc7 35. Qf4 {Black must now prevent Rxe6!} Qd7 36. Re3 {[%cal Be2e3,Be3c3,Bc3c5][%mdl 32]} (36. h5 $5) 36... b4 37. cxb4 axb4 38. axb4 Rb6 39. Rc1 $36 {[%mdl 2048] White is really pushing.} Re7 40. Rec3 (40. Rf3 {looks sharper.} e5 41. dxe5 Rxe5 42. b5 Qd6 43. g3) 40... e5 41. Qd2 Qd6 ({Black should play} 41... exd4 $14 42. Qxd4 Rbe6) 42. Rc5 $16 Rbb7 43. Rd1 (43. h5 $16) 43... exd4 $14 44. Qxd4 Re5 (44... Rbd7 $142) 45. g3 Qe6 (45... Qe7 $16) 46. b5 $18 ({Much less strong is} 46. Rxd5 $6 Rxd5 47. Qxd5 Qxd5 $14) 46... Re1+ (46... Rd7 $142 47. Rc6 Qe7) 47. Rxe1 Qxe1+ {[%mdl 4096] Endgame KQR-KQR} 48. Kg2 Qe4+ 49. Qxe4 dxe4 {KR-KR} 50. Kf1 f5 51. Ke2 Kf6 52. b4 g5 (52... Ke7 $142 53. h5 Kf6 54. hxg6 hxg6) 53. Ke3 h6 {[#]} 54. g4 $1 {[%mdl 512]} fxg4 $2 (54... gxh4 {keeps fighting.} 55. Rxf5+ Kg6 56. Kxe4 h3) 55. hxg5+ hxg5 56. Kxe4 Kg6 (56... Ke7 $18 57. Kf5 Rb8 58. Kxg4 Rf8) 57. Rc6+ Kh5 58. b6 Rf7 59. Kd5 (59. Kd4 $142 Rb7 60. Kc5 g3 61. fxg3 Rb8 62. Rc7 Kg4 63. b7 Kxg3 64. Kc6) 59... Rf5+ 60. Ke4 $2 {[%mdl 32768] Precision: White = 65%, Black = 40%. . Sensor Board Error (Ke4/e5)?} (60. Kc4 $18 g3 61. fxg3) 1-0

[Event "8th RTU Open 2018"]
[Site "Riga"]
[Date "2018.08.06"]
[Round "1"]
[White "Anurag, Mhamal"]
[Black "Breivik, Lars H"]
[Result "1-0"]
[WhiteElo "2484"]
[BlackElo "2168"]
[Annotator "ChessBase"]
[PlyCount "85"]
[EventDate "2018.08.06"]
[EventType "swiss"]
[EventCountry "LAT"]
[SourceTitle "playchess.com"]
[Source "ChessBase"]
[SourceQuality "1"]
[TimeControl "5400+30"]

1. d4 {[%emt 0:00:51]} g6 {[%emt 0:00:00]} 2. e4 {[%emt 0:01:11]} Bg7 {[%emt 0:00:00]} 3. Nc3 {[%emt 0:00:36]} c6 {[%emt 0:00:35]} 4. Nf3 {[%emt 0:04:14]} d6 {[%emt 0:01:15]} 5. Bc4 {[%emt 0:04:06]} Nf6 {[%emt 0:02:00]} 6. e5 {[%emt 0:00:15]} dxe5 {[%emt 0:00:15]} 7. Nxe5 {[%emt 0:00:06]} O-O {[%emt 0:00:39]} 8. O-O {[%emt 0:00:22]} Nd5 {[%emt 0:06:52]} 9. Re1 {[%emt 0:09:17]} Be6 {[%emt 0:01:22]} 10. Ne4 {[%emt 0:00:09]} Nc7 {[%emt 0:01:03]} 11. Bf1 {[%emt 0:00:20]} Nd7 {[%emt 0:05:53]} 12. Nxd7 {[%emt 0:10:55]} Qxd7 {[%emt 0:01:02]} 13. c3 {[%emt 0:04:47]} b6 {[%emt 0:01:36]} 14. Bf4 {[%emt 0:11:01]} Nd5 {[%emt 0:23:00]} 15. Bd2 {[%emt 0:01:31]} f6 {[%emt 0:00:34]} 16. Qa4 {[%emt 0:02:34]} Rfd8 {[%emt 0:04:28]} 17. Rad1 {[%emt 0:07:28]} Bf7 {[%emt 0:02:25]} 18. Qa3 {[%emt 0:12:56]} Nc7 {[%emt 0:15:26]} 19. b3 {[%emt 0:03:19]} Re8 {[%emt 0:04:44]} 20. g3 {[%emt 0:11:17]} Nb5 {[%emt 0:03:41]} 21. Qc1 {[%emt 0:00:49]} Nd6 {[%emt 0:02:50]} 22. f3 {[%emt 0:00:18]} Rad8 {[%emt 0:05:23]} 23. Bg2 {[%emt 0:00:06]} Nf5 {[%emt 0:02:25]} 24. Qc2 {[%emt 0:01:11]} Bd5 {[%emt 0:02:00]} 25. Bc1 {[%emt 0:00:19]} Nd6 {[%emt 0:01:26]} 26. Nf2 {[%emt 0:02:06]} Qf5 {[%emt 0:04:39]} 27. Rd3 {[%emt 0:00:20]} Qd7 {[%emt 0:02:49]} 28. Bb2 {[%emt 0:05:06]} Bf7 {[%emt 0:01:57]} 29. Bh3 {[%emt 0:02:06]} f5 {[%emt 0:02:12]} 30. Rde3 {[%emt 0:01:38]} Nb5 {[%emt 0:01:38]} 31. Nd3 {[%emt 0:00:47]} e6 {[%emt 0:00:05]} 32. Ne5 {[%emt 0:00:35]} Qd6 {[%emt 0:00:48]} 33. a4 {[%emt 0:02:24]} Nc7 {[%emt 0:00:11]} 34. c4 {[%emt 0:01:06]} c5 {[%emt 0:00:29]} 35. dxc5 {[%emt 0:00:25]} Qxc5 {[%emt 0:00:26]} 36. f4 {[%emt 0:00:55]} Nd5 {[%emt 0:00:13]} 37. Bc1 {[%emt 0:00:32]} Nxe3 {[%emt 0:01:06]} 38. Bxe3 {[%emt 0:00:01]} Qb4 {[%emt 0:00:09]} 39. Re2 {[%emt 0:00:13]} Qa3 {[%emt 0:00:30]} 40. Kf2 {[%emt 0:00:52]} Qd6 {[%emt 0:00:38]} 41. c5 {[%emt 0:00:36]} bxc5 {[%emt 0:01:00]} 42. Bxc5 {[%emt 0:00:01]} Qc7 {[%emt 0:00:18]} 43. Bg2 {[%emt 0:00:32]} 1-0

[Event "8th RTU Open 2018"]
[Site "Riga"]
[Date "2018.08.06"]
[Round "1"]
[White "Gretarsson, Helgi Ass"]
[Black "Smirnova, Ekaterina"]
[Result "1/2-1/2"]
[WhiteElo "2480"]
[BlackElo "2165"]
[Annotator "ChessBase"]
[PlyCount "81"]
[EventDate "2018.08.06"]
[EventType "swiss"]
[EventCountry "LAT"]
[SourceTitle "playchess.com"]
[Source "ChessBase"]
[SourceQuality "1"]
[TimeControl "5400+30"]

1. d4 {[%emt 0:00:00]} d5 {[%emt 0:00:00]} 2. Nf3 {[%emt 0:00:13]} Nf6 {[%emt 0:00:00]} 3. g3 {[%emt 0:01:07]} Bg4 {[%emt 0:00:16]} 4. Bg2 {[%emt 0:00:20]} e6 {[%emt 0:00:42]} 5. c4 {[%emt 0:01:06]} c6 {[%emt 0:00:38]} 6. Qb3 {[%emt 0:12:59]} Qb6 {[%emt 0:04:04]} 7. Nc3 {[%emt 0:01:49]} Be7 {[%emt 0:01:38]} 8. c5 {[%emt 0:04:35]} Qxb3 {[%emt 0:03:38]} 9. axb3 {[%emt 0:00:04]} Bxf3 {[%emt 0:03:26]} 10. Bxf3 {[%emt 0:00:09]} Na6 {[%emt 0:00:20]} 11. e3 {[%emt 0:30:05]} O-O {[%emt 0:02:10]} 12. Be2 {[%emt 0:03:52]} Nc7 {[%emt 0:00:48]} 13. b4 {[%emt 0:00:13]} a6 {[%emt 0:00:08]} 14. f3 {[%emt 0:00:25]} Nd7 {[%emt 0:02:00]} 15. e4 {[%emt 0:01:07]} Nb5 {[%emt 0:02:08]} 16. Be3 {[%emt 0:00:57]} f5 {[%emt 0:00:12]} 17. Kd2 {[%emt 0:18:58]} Nf6 {[%emt 0:04:31]} 18. Bxb5 {[%emt 0:09:34]} axb5 {[%emt 0:01:36]} 19. exf5 {[%emt 0:00:03]} exf5 {[%emt 0:00:08]} 20. Bg5 {[%emt 0:00:02]} h6 {[%emt 0:03:15]} 21. Bxf6 {[%emt 0:00:04]} Bxf6 {[%emt 0:00:03]} 22. Kd3 {[%emt 0:00:06]} Kf7 {[%emt 0:01:30]} 23. Ra3 {[%emt 0:00:21]} Rxa3 {[%emt 0:01:49]} 24. bxa3 {[%emt 0:00:01]} Ra8 {[%emt 0:00:09]} 25. Ra1 {[%emt 0:00:03]} Ke7 {[%emt 0:00:15]} 26. a4 {[%emt 0:11:44]} bxa4 {[%emt 0:00:17]} 27. Ra3 {[%emt 0:01:06]} Kd7 {[%emt 0:00:53]} 28. b5 {[%emt 0:00:10]} cxb5 {[%emt 0:03:58]} 29. Nxb5 {[%emt 0:00:04]} Kc6 {[%emt 0:00:37]} 30. Nc3 {[%emt 0:00:07]} Bd8 {[%emt 0:00:09]} 31. Nxa4 {[%emt 0:02:48]} Bc7 {[%emt 0:01:02]} 32. Ra2 {[%emt 0:00:08]} g6 {[%emt 0:02:53]} 33. Nc3 {[%emt 0:01:05]} Rxa2 {[%emt 0:00:22]} 34. Nxa2 {[%emt 0:00:03]} Ba5 {[%emt 0:00:08]} 35. Nc1 {[%emt 0:01:14]} b6 {[%emt 0:01:33]} 36. Nb3 {[%emt 0:00:08]} Bb4 {[%emt 0:00:09]} 37. cxb6 {[%emt 0:00:02]} Kxb6 {[%emt 0:00:05]} 38. Na1 {[%emt 0:00:01]} Kc6 {[%emt 0:00:34]} 39. Nc2 {[%emt 0:00:05]} Bd6 {[%emt 0:00:55]} 40. f4 {[%emt 0:02:20]} Kd7 {[%emt 0:01:47]} 41. Ne1 {[%emt 0:00:33]} 1/2-1/2

[Event "8th RTU Open 2018"]
[Site "Riga"]
[Date "2018.08.06"]
[Round "1"]
[White "Laurusas, Tomas"]
[Black "Tishova, Svetlana"]
[Result "1-0"]
[WhiteElo "2463"]
[BlackElo "2160"]
[Annotator "ChessBase"]
[PlyCount "49"]
[EventDate "2018.08.06"]
[EventType "swiss"]
[EventCountry "LAT"]
[SourceTitle "playchess.com"]
[Source "ChessBase"]
[SourceQuality "1"]
[TimeControl "5400+30"]

1. d4 {[%emt 0:00:16]} Nf6 {[%emt 0:00:00]} 2. c4 {[%emt 0:00:06]} e6 {[%emt 0:00:00]} 3. Nf3 {[%emt 0:00:04]} d5 {[%emt 0:00:00]} 4. g3 {[%emt 0:01:28]} Bb4+ {[%emt 0:00:02]} 5. Bd2 {[%emt 0:00:07]} Bd6 {[%emt 0:00:06]} 6. Bg2 {[%emt 0:00:09]} O-O {[%emt 0:00:18]} 7. O-O {[%emt 0:00:35]} c6 {[%emt 0:00:44]} 8. Nc3 {[%emt 0:08:04]} dxc4 {[%emt 0:05:18]} 9. e4 {[%emt 0:01:35]} Be7 {[%emt 0:00:07]} 10. a4 {[%emt 0:01:57]} b6 {[%emt 0:11:30]} 11. Qe2 {[%emt 0:04:34]} Qe8 {[%emt 0:05:00]} 12. Bg5 {[%emt 0:32:41]} Bb7 {[%emt 0:06:33]} 13. Nd2 {[%emt 0:04:05]} b5 {[%emt 0:13:54]} 14. Bxf6 {[%emt 0:04:37]} gxf6 {[%emt 0:00:13]} 15. e5 {[%emt 0:00:03]} Qd7 {[%emt 0:01:20]} 16. exf6 {[%emt 0:05:28]} Bxf6 {[%emt 0:02:23]} 17. Nde4 {[%emt 0:00:57]} Be7 {[%emt 0:05:25]} 18. Rad1 {[%emt 0:00:06]} Na6 {[%emt 0:05:56]} 19. Nc5 {[%emt 0:04:49]} Nxc5 {[%emt 0:09:41]} 20. dxc5 {[%emt 0:00:46]} Qc7 {[%emt 0:00:14]} 21. Qg4+ {[%emt 0:00:08]} Kh8 {[%emt 0:00:10]} 22. Qd4+ {[%emt 0:00:01]} e5 {[%emt 0:03:48]} 23. Qd7 {[%emt 0:01:02]} Rac8 {[%emt 0:00:10]} 24. Qf5 {[%emt 0:00:31]} Bxc5 {[%emt 0:07:51]} 25. Rd7 {[%emt 0:00:39]} 1-0

[Event "8th RTU Open 2018"]
[Site "Riga"]
[Date "2018.08.06"]
[Round "1"]
[White "Gorodetzky, David"]
[Black "Sucikova, Svetlana"]
[Result "1-0"]
[WhiteElo "2451"]
[BlackElo "2152"]
[Annotator "TA"]
[PlyCount "47"]
[EventDate "2018.08.06"]
[EventType "swiss"]
[EventCountry "LAT"]
[SourceTitle "playchess.com"]
[Source "ChessBase"]
[SourceQuality "1"]

{[%evp 16,47,0,3,20,0,38,43,80,63,96,85,81,44,423,434,423,431,565,559,556,552,513,539,587,558,551,535,1332,1318,29988,29989,29990,29991]} 1. Nf3 d5 2. e3 Nf6 3. b3 b6 4. Bb2 Bb7 5. d4 Nbd7 6. Bd3 e6 7. O-O Bd6 8. Nbd2 O-O 9. Ne5 {LiveBook: 64 Games} Rc8 {D05: Colle System with ...e6} (9... Ne4 10. f3 Nxd2 11. Qxd2 f6 12. Nxd7 Qxd7 13. c4 c5 14. f4 f5 15. Rfd1 Qe7 16. Qf2 Rac8 17. Rac1 Rfd8 18. Rc2 Rc7 19. cxd5 Bxd5 20. Rdc1 Rdc8 21. Ba6 Rd8 22. Bd3 Rdc8 23. Ba6 Rd8 24. Bd3 {½-½ (24) Rakhmanov,A (2659)-Timofeev,A (2549) Khanty-Mansiysk 2017}) 10. Qf3 c6 $146 ({Predecessor:} 10... c5 11. Qh3 cxd4 12. exd4 Bb4 13. Ndf3 Ne4 14. a3 Bc3 15. Bxc3 Rxc3 16. Rfe1 Nxe5 17. Nxe5 {½-½ (30) Whatley,A (2374)-Dokoutchaev,A (2273) Dallas 2000}) 11. Qh3 g6 {White is slightly better.} 12. f4 Ne8 13. Ndf3 {Black must now prevent Ng5.} Be7 14. Qh6 $40 {[%mdl 128] Black needs to defend precisely.} Ng7 $2 {[%mdl 8192]} (14... f5 $14) 15. Nxd7 $1 $18 Qxd7 16. Ne5 $1 {[%cal Re5d7]} Qe8 {[#]} 17. Rf3 $1 {[%cal Rf3h3] Rh3 would kill now.} f5 18. Rh3 {[%csl Gh3][%cal Rh6h7]} Nh5 {[#] intending ...Bf6.} 19. g4 $1 {[%cal Rg4h5]} Nf6 20. gxf5 exf5 {[#]} 21. Bxf5 $1 {[%mdl 512]} Bd6 {[#]} (21... gxf5 22. Rg3+) 22. Bxg6 $1 {[%mdl 512]} Qe7 {[#]} (22... hxg6 23. Qh8#) 23. Bxh7+ $1 {[%mdl 512]} Nxh7 (23... Qxh7 24. Rg3+) 24. Rg3+ {Precision: White = 85%, Black = 13%.} 1-0

[Event "8th RTU Open 2018"]
[Site "Riga"]
[Date "2018.08.06"]
[Round "1"]
[White "Kjartansson, Gudmundur"]
[Black "Ghazarian, Kirk Vagho"]
[Result "1/2-1/2"]
[WhiteElo "2434"]
[BlackElo "2140"]
[Annotator "TA"]
[PlyCount "102"]
[EventDate "2018.08.06"]
[EventType "swiss"]
[EventCountry "LAT"]
[SourceTitle "playchess.com"]
[Source "ChessBase"]
[SourceQuality "1"]

{[%evp 22,102,30,20,33,34,32,27,36,27,18,16,44,32,55,54,116,41,52,6,4,4,5,4,4,9,12,0,11,0,2,0,0,0,24,25,35,0,0,0,0,0,0,0,0,0,0,-43,0,0,0,0,0,-8,0,0,0,0,0,0,0,0,0,0,0,0,0,0,0,0,0,0,0,0,0,-8,0,-12,0,-8,0,0,0]} 1. Nf3 c5 2. g3 g6 3. Bg2 Bg7 4. O-O Nc6 5. c4 d6 6. Nc3 Nh6 7. d4 cxd4 {A37: Symmetrical English vs ...g6: 4 Bg2 Bg7 5 Nf3} (7... O-O 8. d5 Na5 9. Nd2 a6 10. Qc2 b5 11. cxb5 axb5 12. Nxb5 Ba6 13. Nc3 Nf5 14. Re1 Nd4 15. Qd1 {½-½ (26) Rakhmanov,A (2665)-Van Wely,L (2669) Zuerich 2017}) 8. Bxh6 Bxh6 9. Nxd4 Nxd4 10. Qxd4 O-O 11. Rfd1 Bg7 12. Qd2 {LiveBook: 6 Games} Bxc3 13. Qxc3 Qc7 14. Rac1 Be6 15. h4 Rac8 {[%cal Rc7c4]} 16. Bd5 $146 ({Predecessor:} 16. Qd2 Qb6 17. b3 Rc5 {½-½ (17) Feustel,B-Tauber,M Coburg 1975}) 16... Bf5 17. Qe3 a6 18. b4 Kg7 (18... h5 $14) 19. Qd4+ (19. c5 $16) 19... f6 $14 20. Qa7 a5 $1 21. bxa5 Ra8 22. Qxb7 Qxb7 23. Bxb7 Rxa5 24. Rd2 Rb8 25. Bf3 Bb1 26. Kg2 Rb4 27. Bc6 Rc5 28. Bd5 Ra5 29. e4 Bxa2 30. Ra1 Rba4 31. Rc2 h5 32. Bc6 Ra3 $1 33. Bb5 Kf8 ({Much worse is} 33... Bb3 $6 34. Rxa3 Rxa3 35. Rc3 $16) 34. f4 Bb3 (34... d5 $5) 35. Rxa3 {The position is equal.} Rxa3 $11 {[%mdl 4096] Endgame KRB-KRB} 36. Rc3 Ra2+ 37. Kg1 Bd1 38. e5 fxe5 39. fxe5 Bg4 40. exd6 exd6 41. Rd3 Ke7 42. Re3+ Kf6 43. Bc6 Re2 44. Ra3 Re1+ 45. Kf2 Re2+ 46. Kg1 Re1+ 47. Kf2 Re2+ 48. Kg1 Re1+ 49. Kh2 Re2+ 50. Kg1 Re1+ 51. Kf2 Re2+ {Precision: White = 61%, Black = 53%.} 1/2-1/2

[Event "8th RTU Open 2018"]
[Site "Riga"]
[Date "2018.08.06"]
[Round "1"]
[White "Pechac, Jergus"]
[Black "Adocchio, Giampiero"]
[Result "1-0"]
[WhiteElo "2431"]
[BlackElo "2136"]
[Annotator "NA"]
[PlyCount "49"]
[EventDate "2018.08.06"]
[EventType "swiss"]
[EventCountry "LAT"]
[SourceTitle "playchess.com"]
[Source "ChessBase"]
[SourceQuality "1"]
[TimeControl "5400+30"]

1. d4 {[%emt 0:00:00]} Nf6 {[%emt 0:00:00]} 2. c4 {[%emt 0:00:00]} e6 {[%emt 0:00:00]} 3. Nc3 {[%emt 0:00:31]} Bb4 {[%emt 0:00:00]} 4. Nf3 {[%emt 0:00:23]} d5 {[%emt 0:00:00]} 5. Qa4+ {[%emt 0:01:31]} Nc6 {[%emt 0:00:04]} 6. a3 {[%emt 0:00:10]} Bxc3+ {[%emt 0:00:33]} 7. bxc3 {[%emt 0:02:36]} O-O {[%emt 0:04:31]} 8. Bg5 {[%emt 0:01:14]} h6 {[%emt 0:00:15]} 9. Bh4 {[%emt 0:00:10]} g5 {[%emt 0:01:02]} 10. Bg3 {[%emt 0:00:39]} Ne4 {[%emt 0:00:45]} 11. Qc2 {[%emt 0:01:01]} f5 {[%emt 0:16:05]} 12. e3 {[%emt 0:00:35]} Na5 {[%emt 0:18:39]} 13. Ne5 {[%emt 0:01:02]} c5 {[%emt 0:15:29]} 14. f3 {[%emt 0:03:01]} Nxg3 {[%emt 0:02:58]} 15. hxg3 {[%emt 0:00:08]} Kg7 {[%emt 0:02:19]} 16. Kf2 {[%emt 0:14:00]} Nc6 {[%emt 0:01:27]} 17. Nxc6 {[%emt 0:13:11]} bxc6 {[%emt 0:04:29]} 18. dxc5 {[%emt 0:00:30]} Qe7 {[%emt 0:04:27]} 19. cxd5 {[%emt 0:00:33]} cxd5 {[%emt 0:03:23]} 20. c4 {[%emt 0:00:51]} Qxc5 {[%emt 0:01:26]} 21. Qc3+ {[%emt 0:00:45]} Kg6 {[%emt 0:00:28]} 22. Be2 {[%emt 0:01:04]} Ba6 {[%emt 0:02:12]} 23. f4 {[%emt 0:02:08]} g4 {[%emt 0:01:49]} 24. Qe5 {[%emt 0:00:07]} Rae8 {[%emt 0:00:20]} 25. Bxg4 {[%emt 0:00:07]} 1-0

[Event "8th RTU Open 2018"]
[Site "Riga"]
[Date "2018.08.06"]
[Round "1"]
[White "Korchmar, Vasiliy"]
[Black "Etxagibel Larranaga, Asier"]
[Result "1-0"]
[WhiteElo "2415"]
[BlackElo "2134"]
[Annotator "NA"]
[PlyCount "99"]
[EventDate "2018.08.06"]
[EventType "swiss"]
[EventCountry "LAT"]
[SourceTitle "playchess.com"]
[Source "ChessBase"]
[SourceQuality "1"]
[TimeControl "5400+30"]

1. d4 {[%emt 0:00:00]} d5 {[%emt 0:00:00]} 2. c4 {[%emt 0:00:00]} c6 {[%emt 0:00:00]} 3. Nf3 {[%emt 0:00:00]} Nf6 {[%emt 0:00:00]} 4. g3 {[%emt 0:00:05]} dxc4 {[%emt 0:00:47]} 5. Bg2 {[%emt 0:00:27]} b5 {[%emt 0:00:53]} 6. Ne5 {[%emt 0:00:22]} Bb7 {[%emt 0:00:38]} 7. O-O {[%emt 0:00:24]} e6 {[%emt 0:03:18]} 8. b3 {[%emt 0:00:25]} cxb3 {[%emt 0:02:16]} 9. axb3 {[%emt 0:00:04]} Bd6 {[%emt 0:01:38]} 10. Nc3 {[%emt 0:03:00]} Qc7 {[%emt 0:15:49]} 11. Qc2 {[%emt 0:14:43]} a6 {[%emt 0:05:11]} 12. Nd3 {[%emt 0:07:02]} Nbd7 {[%emt 0:09:50]} 13. Ne4 {[%emt 0:05:39]} Nxe4 {[%emt 0:02:17]} 14. Bxe4 {[%emt 0:00:04]} Rc8 {[%emt 0:16:16]} 15. b4 {[%emt 0:06:34]} O-O {[%emt 0:01:54]} 16. Bb2 {[%emt 0:01:19]} h6 {[%emt 0:01:07]} 17. Rfc1 {[%emt 0:02:39]} Nb6 {[%emt 0:06:21]} 18. Nc5 {[%emt 0:04:17]} Nc4 {[%emt 0:02:59]} 19. Bc3 {[%emt 0:01:26]} Qe7 {[%emt 0:06:16]} 20. Bh7+ {[%emt 0:08:52]} Kh8 {[%emt 0:00:35]} 21. Bd3 {[%emt 0:00:05]} Nb6 {[%emt 0:02:51]} 22. e4 {[%emt 0:14:06]} Bxc5 {[%emt 0:05:43]} 23. dxc5 {[%emt 0:00:52]} Nd7 {[%emt 0:01:05]} 24. e5 {[%emt 0:08:31]} Rfd8 {[%emt 0:01:11]} 25. Rd1 {[%emt 0:01:25]} Nf8 {[%emt 0:01:20]} 26. Bb2 {[%emt 0:02:42]} Rd7 {[%emt 0:00:52]} 27. Be4 {[%emt 0:00:06]} Rd5 {[%emt 0:05:01]} 28. Bxd5 {[%emt 0:00:29]} cxd5 {[%emt 0:00:10]} 29. Bd4 {[%emt 0:00:20]} Nd7 {[%emt 0:00:11]} 30. Qd2 {[%emt 0:01:36]} Nb8 {[%emt 0:00:17]} 31. f4 {[%emt 0:08:03]} Nc6 {[%emt 0:00:16]} 32. Rf1 {[%emt 0:00:09]} Kg8 {[%emt 0:00:56]} 33. Rf3 {[%emt 0:00:56]} Rf8 {[%emt 0:02:28]} 34. Re1 {[%emt 0:00:40]} Ra8 {[%emt 0:01:26]} 35. Ra1 {[%emt 0:01:36]} Qc7 {[%emt 0:01:13]} 36. g4 {[%emt 0:01:09]} a5 {[%emt 0:00:38]} 37. bxa5 {[%emt 0:00:01]} Rxa5 {[%emt 0:00:08]} 38. Rxa5 {[%emt 0:00:12]} Nxa5 {[%emt 0:00:02]} 39. f5 {[%emt 0:01:25]} Nc4 {[%emt 0:01:07]} 40. Qf4 {[%emt 0:01:27]} Bc8 {[%emt 0:01:24]} 41. f6 {[%emt 0:01:21]} g5 {[%emt 0:00:02]} 42. Qg3 {[%emt 0:02:59]} Qa5 {[%emt 0:00:27]} 43. h4 {[%emt 0:00:48]} Nd2 {[%emt 0:01:05]} 44. Ra3 {[%emt 0:01:32]} Qb4 {[%emt 0:00:03]} 45. Qd3 {[%emt 0:01:57]} Nf3+ {[%emt 0:01:56]} 46. Qxf3 {[%emt 0:00:03]} Qxd4+ {[%emt 0:00:06]} 47. Kg2 {[%emt 0:00:50]} Bb7 {[%emt 0:01:22]} 48. hxg5 {[%emt 0:00:22]} hxg5 {[%emt 0:00:06]} 49. Ra7 {[%emt 0:00:16]} Bc6 {[%emt 0:01:37]} 50. Rc7 {[%emt 0:00:02]} 1-0

[Event "8th RTU Open 2018"]
[Site "Riga"]
[Date "2018.08.06"]
[Round "1"]
[White "Fenil, Shah"]
[Black "Lahav, Michal"]
[Result "1-0"]
[WhiteElo "2412"]
[BlackElo "2131"]
[Annotator "NA"]
[PlyCount "21"]
[EventDate "2018.08.06"]
[EventType "swiss"]
[EventCountry "LAT"]
[SourceTitle "playchess.com"]
[Source "ChessBase"]
[SourceQuality "1"]
[TimeControl "5400+30"]

1. d4 Nf6 2. Nc3 e6 3. Bf4 Be7 4. Nf3 O-O 5. e4 d5 6. Bd3 b6 7. h4 Ba6 8. e5 Nfd7 9. Bxh7+ Kh8 10. Ng5 g6 11. Qg4 1-0